01524 a2200157 4500003000500000005001700005020001300022040000900035082001200044100002800056245010400084260003800188300001200226505109500238650003301333NUST20221122130519.0 a71123459 cNust a519,SMI aSmith, Julius Lawrence. aBasic mathematics with electronics applications /cJulius L. Smith, Jr. Assisted by David S. Burton aNew York,bMacmillanc1971, c1972 a694 p.: aIntroduction (Page-1), Arithmetic (Page-3), Fractions (Page-59), Percentage (Page-71), Significant Digits (Page-87), Exponent (Page-97), Radical (Page-110), Scientific Notation (Page-126), Slide Rule Part 1 (Page-139), Units and Prefixes (Page-165), Formulas (Page-175), Electrical Circuits Applications (Page-188), Ohm’s Law (Page-202), Introduction to Algebra (Page-226), Algebraic Addition and Subtraction (Page-234), Multiplication and Division of Algebraic Expressions (Page-242), Factoring (Page-257), Algebraic Fractions (Page-271), Linear Algebraic Equations (Page-286), Quadratic Equations (Page-303), Ratio, Proportion and Variation (Page-315), Logarithms and Decibels (Page-329), Functions and Graphs (Page-352), Simulation Equations (Page-369), Determinants (Page-386), Plane Geometry (Page-415), Trigonometry (Page-447), Slide Rule Part 2 (Page-481), Polar Coordinates (Page-498), Periodic Functions (Page-512), Plane Vector and Phasors (Page-536), Operator j (Page-559), Reactance and Impedance (Page-573), Binary Arithmetic (Page-593), Boolean Algebra (Page-614). amathematics with electronics